Khūna kī āvāza. (Record no. 70403)

MARC details
000 -LEADER
fixed length control field 00571cam a22002291 4500
001 - CONTROL NUMBER
control field sa 66006239
003 - CONTROL NUMBER IDENTIFIER
control field DLC
005 - DATE AND TIME OF LATEST TRANSACTION
control field 20260227112255.0
008 - FIXED-LENGTH DATA ELEMENTS--GENERAL INFORMATION
fixed length control field 891030s1966 ii 000 0 hino
010 ## - LIBRARY OF CONGRESS CONTROL NUMBER
LC control number sa 66006239
035 ## - SYSTEM CONTROL NUMBER
System control number (OCoLC)20572291
040 ## - CATALOGING SOURCE
Original cataloging agency DLC
Transcribing agency WaU
Modifying agency DLC
042 ## - AUTHENTICATION CODE
Authentication code premarc
043 ## - GEOGRAPHIC AREA CODE
Geographic area code a-ii---
-- a-pk---
050 00 - LIBRARY OF CONGRESS CALL NUMBER
Classification number PK2098.14.R3
Item number K5
100 1# - MAIN ENTRY--PERSONAL NAME
Personal name Bhramar, Ramkumar,
Dates associated with a name 1936-
245 10 - TITLE STATEMENT
Title Khūna kī āvāza.
260 ## - PUBLICATION, DISTRIBUTION, ETC.
Date of publication, distribution, etc. [1966]
300 ## - PHYSICAL DESCRIPTION
Extent 128 p.
Dimensions 19 cm.
500 ## - GENERAL NOTE
General note In Hindi.
650 #0 - SUBJECT ADDED ENTRY--TOPICAL TERM
Topical term or geographic name entry element India-Pakistan Conflict, 1965
Form subdivision Drama.

No items available.

Powered by Koha